000 00547cam a2200193 4500
001 23142
005 20230410115442.0
008 060907n2002 nyu eng
020 _a0814471323
035 _9funglode23309
041 _aeng
050 1 4 _aHD 69
_bL674f 2002
100 1 _aLewis, James P.
245 1 0 _aFundamentals of project management :
_bdeveloping core competencies to help outperform the competition /
_cJames P. Lewis.
250 _a2. ed.
260 _aNew York :
_bAMACOM,
_c2002
300 _a148 p.
942 _2lcc
_cbk
999 _c41461
_d41461